MARC

LEADER 00000nam0a2200000 4500
001 122055
005 20231101215722.0
035 |a (RuTPU)RU\TPU\book\132177 
035 |a RU\TPU\book\132164 
090 |a 122055 
100 |a 20070926d1985 k y0rusy50 ca 
101 0 |a rus 
102 |a RU 
105 |a a b 000zy 
200 1 |a Средства контроля, управления и измерения линейных и угловых размеров в машиностроении  |e каталог  |f Министерство станкостроительной и инструментальной промышленности 
210 |a Москва  |c ВНИИТЭМР  |d 1985 
215 |a 304 с.  |c ил. 
610 1 |a приборостроение 
610 1 |a измерительная техника 
610 1 |a контроль 
610 1 |a управление 
610 1 |a приборы 
610 1 |a измерения 
610 1 |a размеры 
610 1 |a машиностроение 
610 1 |a зубчатые колеса 
610 1 |a промышленные каталоги 
610 1 |a калибры 
610 1 |a штангенприборы 
610 1 |a измерительные инструменты 
610 1 |a измерительные системы 
610 1 |a измерительные установки 
610 1 |a индуктивные преобразователи 
610 1 |a управляющие устройства 
610 1 |a контроля 
610 1 |a параметры 
610 1 |a приспособления 
610 1 |a микрометрические инструменты 
610 1 |a угломерные инструменты 
610 1 |a толщиномеры 
610 1 |a резьбовые калибры 
675 |a 621:53(085)  |v 3 
712 0 2 |a Министерство станкостроительной и инструментальной промышленности  |2 stltpush  |3 (RuTPU)RU\TPU\col\10084  |9 24792 
801 0 |a RU  |b 63413507  |c 20011209  |g PSBO 
801 2 |a RU  |b 63413507  |c 20130614  |g PSBO 
942 |c BK